000 00346 a2200157 4500
001 156848
020 _a9788508118762
040 _cEscola São Tomás de Aquino
100 _aORTHOF, Sylvia
240 1 0 _aJoão Feijão
_lpor
245 1 0 _aJoão Feijão
300 _a24 p.
362 0 _a2008
697 _a*LITERATURA INFANTIL
942 _cBK
999 _c156848
_d156848